The tides of history, Vol.-2, From the expansion of Islam to the Treaties of Westphalia / (Record no. 23396)
[ view plain ]
| 000 -LEADER | |
|---|---|
| fixed length control field | 01039cam a22002891 4500 |
| 001 - CONTROL NUMBER | |
| control field | 9375040 |
| 003 - CONTROL NUMBER IDENTIFIER | |
| control field | BDDh-ASL |
| 005 - DATE AND TIME OF LATEST TRANSACTION | |
| control field | 20231015030232.0 |
| 008 - FIXED-LENGTH DATA ELEMENTS--GENERAL INFORMATION | |
| fixed length control field | 740422s1963 e b 000 0 eng |
| 010 ## - LIBRARY OF CONGRESS CONTROL NUMBER | |
| LC control number | 62007800 |
| 035 ## - SYSTEM CONTROL NUMBER | |
| System control number | (OCoLC)863041 |
| 040 ## - CATALOGING SOURCE | |
| Original cataloging agency | DLC |
| Transcribing agency | OCanW |
| Modifying agency | OCoLC |
| -- | DLC |
| -- | BDDh-ASL |
| 041 1# - LANGUAGE CODE | |
| Language code of text/sound track or separate title | eng |
| Language code of original | fre |
| 050 00 - LIBRARY OF CONGRESS CALL NUMBER | |
| Classification number | D20 |
| Item number | .P513 |
| 082 00 - DEWEY DECIMAL CLASSIFICATION NUMBER | |
| Classification number | 909 |
| Item number | PIT |
| 100 1# - MAIN ENTRY--PERSONAL NAME | |
| Personal name | Pirenne, Jacques, |
| Dates associated with a name | 1891-1972. |
| 240 10 - UNIFORM TITLE | |
| Uniform title | Grands courants de l'histoire universelle. |
| Language of a work | English |
| 245 14 - TITLE STATEMENT | |
| Title | The tides of history, Vol.-2, From the expansion of Islam to the Treaties of Westphalia / |
| Statement of responsibility, etc. | Translated from the French by Lavett Edwards. |
| 250 ## - EDITION STATEMENT | |
| Edition statement | [1st ed.] |
| 260 ## - PUBLICATION, DISTRIBUTION, ETC. | |
| Place of publication, distribution, etc. | New York, |
| -- | London: |
| Name of publisher, distributor, etc. | Dutton, |
| -- | George Allen and Unwin Ltd., |
| Date of publication, distribution, etc. | 1963. |
| 300 ## - PHYSICAL DESCRIPTION | |
| Extent | 732 p. : |
| Other physical details | maps (part fold.) |
| Dimensions | 23 cm. |
| 500 ## - GENERAL NOTE | |
| General note | "Translated from Les grands courants de l'histoire universelle." |
| 505 0# - FORMATTED CONTENTS NOTE | |
| Formatted contents note | v. 1. From the beginnings to Islam. |
| 650 #0 - SUBJECT ADDED ENTRY--TOPICAL TERM | |
| Topical term or geographic name entry element | World history. |
| 906 ## - LOCAL DATA ELEMENT F, LDF (RLIN) | |
| a | 7 |
| b | cbc |
| c | oclcrpl |
| d | u |
| e | ncip |
| f | 19 |
| g | y-gencatlg |
| 942 ## - ADDED ENTRY ELEMENTS (KOHA) | |
| Source of classification or shelving scheme | Dewey Decimal Classification |
| Koha item type | Books |
| Withdrawn status | Lost status | Source of classification or shelving scheme | Damaged status | Not for loan | Collection code | Home library | Current library | Shelving location | Date acquired | Source of acquisition | Serial Enumeration / chronology | Total Checkouts | Full call number | Barcode | Date last seen | Copy number | Price effective from | Koha item type | Public note |
|---|---|---|---|---|---|---|---|---|---|---|---|---|---|---|---|---|---|---|---|
| Dewey Decimal Classification | Non-fiction | Asiatic Society Library | Asiatic Society Library | General Stacks | 03/25/2021 | ASB Library Collections | V-2 | 909 PIT | 107817 | 03/25/2021 | C-1 | 03/25/2021 | Books | RARE |